LEADER 00916nam0-22003371i-450 001 990001224680403321 005 20220620154406.0 035 $a000122468 035 $aFED01000122468 035 $a(Aleph)000122468FED01 035 $a000122468 100 $a20000920d1982----km-y0itay50------ba 101 1$aeng 200 1 $aFisica moderna$fRonald Gautreau, William Savin 210 $aMilano ; Venezia$cGruppo Editoriale Fabbri$d1982 225 1 $aCollana Schaum$v50 300 $aSulla cop.: 486 problemi risolti 610 0 $aP.S.S.C. 610 0 $aEsercizi di fisica 700 1$aGautreau,$bRonald$046472 702 1$aSavin,$bWilliam 801 0$aIT$bUNINA$gRICA$2UNIMARC 901 $aBK 912 $a990001224680403321 952 $aC-10-(50$b7607$fMA1 952 $a20D-160$b25205$fFI1 959 $aMA1 959 $aFI1 996 $aFisica moderna$91500925 997 $aUNINA DB $aING01 LEADER 01438nam 2200361Ia 450 001 996384522703316 005 20231219231135.0 035 $a(CKB)4940000000074041 035 $a(EEBO)2240855607 035 $a(OCoLC)ocm11899375e 035 $a(OCoLC)11899375 035 $a(EXLCZ)994940000000074041 100 $a19850409d1660 uy | 101 0 $aeng 135 $aurbn#|||a|bb| 200 14$aThe fanatick history, or, An exact relation and account of the old Anabaptists and new Quakers$b[electronic resource] $ebeing the summe of all that hath been yet discovered about their most blasphemous opinions, dangerous p[r]actises, and malitious endevours to subvert all civil government both in church and state ... /$fpublished with the approbation of divers orthodox divines 210 $aLondon $cPrinted for J. Sims ...$d1660 215 $a[8], 224 p. $cport 300 $aReproduction of original in University of Chicago Library. 330 $aeebo-0165 606 $aAnabaptists 606 $aSociety of Friends$vControversial literature 615 0$aAnabaptists. 615 0$aSociety of Friends 700 $aBlome$b Richard$f1635-1705.$01005190 801 0$bEAA 801 1$bEAA 801 2$bm/c 801 2$bWaOLN 906 $aBOOK 912 $a996384522703316 996 $aThe fanatick history, or, An exact relation and account of the old Anabaptists and new Quakers$92382232 997 $aUNISA